Rozvoj a zdokonaľovanie činnosti národných výborov a volebných programov Národného frontu

Podrobná bibliografia
Hlavný autor: Lazar, Štefan, 1924- (Autor)
Médium: Článok
Jazyk:slovenčina
Fyzický popis:Lit. 2 zázn. v slov.
Predmet:

MARC

LEADER 00000nab a2200000 a 4500
001 vtls000277653
003 SK-MaSNL
005 20260302215724.0
008 111202c1986 xo 0 slo
015 |a SNBRA19rr/mm-uuuuu 
035 |a CL0287771 
040 |a SNKBUCL  |b slo  |c SNKBUCL  |e AACR2 
041 0 |a slo 
044 |a xo  |c SK 
080 |a 352/354  |2 1981 
080 |a 324  |2 1981 
100 1 |a Lazar, Štefan,  |d 1924-  |4 aut  |9 48953 
245 1 0 |a Rozvoj a zdokonaľovanie činnosti národných výborov a volebných programov Národného frontu  |c Štefan Lazar 
300 |b Lit. 2 zázn. v slov. 
650 0 7 |a národné výbory  |2 snkbucl  |9 59059 
650 0 7 |a volebné programy  |2 snkbucl  |9 4514 
655 7 |a články zo zborníkov  |2 snkbucl  |9 166140 
773 0 |t Rozvoj a zdokonaľovanie politického systému ČSSR po 17. zjazde KSČ  |d Bratislava : Pravda, 1986 
850 |a Slovenská národná knižnica v Martine  |a MTA001 
852 |a SNK  |b KIS3GCP 
958 |a RK 
992 |a RZB 
999 |c 1503708  |d 1505638